History of The Jaipur State/ (Record no. 188058)

MARC details
000 -LEADER
fixed length control field 00517nam a22001817a 4500
005 - DATE AND TIME OF LATEST TRANSACTION
control field 20220509151949.0
010 ## - LCCN (DPL NO)
LC control number ENG-132568
020 ## - INTERNATIONAL STANDARD BOOK NUMBER
International Standard Book Number 9788190042238
Terms of availability 495.00
035 ## - SYSTEM CONTROL NUMBER
System control number EN-116100
037 ## - SOURCE OF ACQUISITION
Source of stock number/acquisition DBAD/PUB
082 ## - DEWEY DECIMAL CLASSIFICATION NUMBER
Classification number 954.4
100 ## - MAIN ENTRY--PERSONAL NAME
Personal name Sharma,M.L
245 ## - TITLE STATEMENT
Title History of The Jaipur State/
Statement of responsibility, etc M.L. Sharma
260 ## - PUBLICATION, DISTRIBUTION, ETC. (IMPRINT)
Place of publication, distribution, etc Jodhpur
Name of publisher, distributor, etc Book Treasure
Date of publication, distribution, etc 2012
270 ## - ADDRESS
Address Outside Sojati Gate, B/H Agra Sweet Home
City Jodhpur
Postal code 342001
300 ## - PHYSICAL DESCRIPTION
Extent 272p
Dimensions 22cm(hbk)
942 ## - ADDED ENTRY ELEMENTS (KOHA)
Source of classification or shelving scheme Dewey Decimal Classification
Item type English Books
Classification part 954.4
Call number suffix SHA
Holdings
Withdrawn status Lost status Not for loan Collection code Home library Current library Date acquired Source of acquisition Cost, normal purchase price Full call number Barcode Copy number Cost, replacement price Koha item type
      Non-fiction Patel Nagar Patel Nagar 09/05/2022 DBAD/PUB 495.00 954.4 SHA EN-116100 1 495.00 English Books

© Delhi Public Library
Hit Counter
free hit counter